000 00356pab a2200145 454500
008 180718b1987 xxu||||| |||| 00| 0 eng d
100 _aLieten, G.K.
245 _aWorkers, unions and multinationals
260 _c1987
300 _a3-15
362 _aJune
650 _aInternational Business Enterprises
773 _aSocial Scientist
909 _a11185
999 _c11185
_d11185